01182nam a2200289Ia 4500001001200000003000800012006001900020007001500039008004100054020001800095020001800113020002600131040002100157035002100178050002400199245011900223260006100342300002400403504005100427533015200478650005100630650002000681655002900701700001900730710001700749856012600766ebr10674345CaPaEBRm u cr cn|||||||||121228s2013 si a sb 001 0 eng d z9781299281363 z9789814434997 z9789814436106 (ebook) aCaPaEBRcCaPaEBR a(OCoLC)83008578914aR856.4b.M48 2013eb00aMethods in research and development of biomedical devicesh[electronic resource] /cKelvin K.L. Wong ... [et al.]. aSingapore ;aHackensack, NJ :bWorld Scientific,cc2013. axvi, 177 p. :bill. aIncludes bibliographical references and index. aElectronic reproduction.bPalo Alto, Calif. :cebrary,d2013.nAvailable via World Wide Web.nAccess may be limited to ebrary affiliated libraries. 0aBiomedical engineeringxResearchxMethodology. 0aBioengineering. 7aElectronic books.2local1 aWong, Kevin L.2 aebrary, Inc.40uhttp://site.ebrary.com/lib/rucke/Doc?id=10674345zAn electronic book accessible through the World Wide Web; click to view